000 00349nam a2200157Ia 4500
003 Ost
005 20260225132559.0
008 260225s9999||||xx |||||||||||||| ||und||
040 _cfsic
041 _afre
082 _a174
100 _aDANIEL CORNU
_eAuteur
245 0 _aéthique de l'information /
245 0 _cDANIEL CORNU
942 _cكتاب
999 _c34658
_d34658